Regulatory activities under the National health planning and resources development act of 1974 (P.L. 93-641) : a guide for community participants /

Bibliographic Details
Corporate Authors: Alpha Center for Health Planning, United States. Bureau of Health Planning and Resources Development. Division of Regulatory Activities
Other Authors: Peters, Joseph P., Holohean, MaryAnn
Format: Government Document Book
Language:English
Published: Hyattsville, Md : Dept. of Health, Education, and Welfare, Public Health Service, Health Resources Administration, Bureau of Health Planning and Resources Development, Division of Regulatory Activities ; [1978?]
Series:DHEW publication ; no. (HRA) 78-14009.
Subjects:

MARC

Tag First Indicator Second Indicator Subfields
LEADER 00000cam a2200000 i 4500
001 in00000803821
005 20151017085539.0
008 780711s1978 mdu b f00000 eng d
010 |a gp 78025903  
020 |c $1.30 (pbk. :) 
035 |a (OCoLC)04043016 
035 |9 ADS1950AM 
037 |b 20402 
040 |a HEW  |c HEW  |d VRC  |d GPO  |d UtOrBLW 
043 |a n-us--- 
074 |a 509-A-2 
086 |a HE 20.6108:R 26 
110 2 |a Alpha Center for Health Planning. 
245 1 0 |a Regulatory activities under the National health planning and resources development act of 1974 (P.L. 93-641) :  |b a guide for community participants /  |c Alpha Center for Health Planning. 
264 1 |a Hyattsville, Md :  |b Dept. of Health, Education, and Welfare, Public Health Service, Health Resources Administration, Bureau of Health Planning and Resources Development, Division of Regulatory Activities ;  |c [1978?] 
264 2 |a Washington :  |b For sale by the Supt. of Docs., U.S. Govt. Print. Off, 
300 |a vii, 20 pages ;  |c 27 cm. 
336 |a text  |b txt  |2 rdacontent 
337 |a unmediated  |b n  |2 rdamedia 
338 |a volume  |b nc  |2 rdacarrier 
490 1 |a DHEW publication ; no. (HRA) 78-14009 
500 |a Authors: Joseph P. Peters, MaryAnn Holohean. 
500 |a Contract number HRA 230-76-0085. 
504 |a Bibliography: pages 19-20. 
650 0 |a Community health services  |z United States  |x Citizen participation. 
650 0 |a Health planning  |z United States  |x Citizen participation. 
700 1 |a Peters, Joseph P. 
700 1 |a Holohean, MaryAnn. 
710 1 |a United States.  |b Bureau of Health Planning and Resources Development.  |b Division of Regulatory Activities. 
830 0 |a DHEW publication ;  |v no. (HRA) 78-14009. 
999 |a MARS 
999 f f |s f9c3fa07-d13d-35e6-aefd-3d462d24763b  |i 0d77dc12-b30f-3dcd-99e7-47e4d700c875  |t 0 
952 f f |p normal  |a Texas A&M University  |b College Station  |c Sterling C. Evans Library  |d Evans: US Documents (Annex 5th floor)  |t 0  |e HE 20.6108:R 26  |h Superintendent of Documents classification  |i unmediated -- volume  |m A14814902936 
998 f f |a HE 20.6108:R 26  |t 0  |l Evans: US Documents (Annex 5th floor)